Las consecuencias de la competencia de transportes sobre la hegemonía británica en la Argentina (1919-1939) (Registro nro. 24738)

Detalles MARC
000 -LEADER
fixed length control field 00391 a2200109 4500
001 - CONTROL NUMBER
control field ART_10420
005 - DATE AND TIME OF LATEST TRANSACTION
control field 20260410161848.0
008 - FIXED-LENGTH DATA ELEMENTS--GENERAL INFORMATION
fixed length control field 260409a
100 1# - MAIN ENTRY--PERSONAL NAME
Personal name Skupch, Pedro R.
245 10 - TITLE STATEMENT
Title Las consecuencias de la competencia de transportes sobre la hegemonía británica en la Argentina (1919-1939)
773 0# - HOST ITEM ENTRY
Title Económica
Related parts - Año XVII, Nº 1 (ene./abr. 1971)
Record control number REV7541

No hay ítems disponibles.